Rozhodovacie procesy v manažmente podniku diplomová práca

Gespeichert in:
Bibliographische Detailangaben
1. Verfasser: Zelenák, Marek
Körperschaft: Fakulta podnikového manažmentu EU. Katedra manažmentu
Weitere Verfasser: Szabo, Ľuboslav
Format: Buch
Sprache:Slowakisch
Veröffentlicht: Bratislava 2021
Tags: Tag hinzufügen
Keine Tags, Fügen Sie das erste Tag hinzu!

MARC

LEADER 00000nbm a2200000 4500
001 0275712
005 20211125105433.2
041 0 |a slo 
044 |a SK 
245 1 0 |a Rozhodovacie procesy v manažmente podniku  |b diplomová práca  |c Marek Zelenák ; školiteľ: Ľuboslav Szabo 
264 1 |a Bratislava  |c 2021 
300 |a 77 s. 
100 1 |a Zelenák, Marek 
700 1 |a Szabo, Ľuboslav 
710 2 |a Fakulta podnikového manažmentu EU. Katedra manažmentu